000 00603nam a2200205 a 4500
005 20220603063543.0
008 991125s1988 mx 000 0 spa u
020 _a9682919487
035 _aUPN01000005198
049 _aI
050 4 _aPZ78.18
_bA93 1988
245 0 4 _aLas aventuras de Ulises /
_cnarración de Cristina Gudiño Kieffer ; il. de Ayax Barnes.
250 _a5a ed.
260 _aMéxico :
_bCONAFE,
_c1988.
300 _a[28] p. :
_bil., col.
440 0 _aCuentos de polidoro
650 4 _aCuentos infantiles
_96744
700 1 _aGudiño Kieffer, Cristina,
_ecomp.
905 _aInfantil
999 _c5198
_d5198